Guía legal sobre la utilización de los convenios y recomendaciones de la OIT, para la defensa de los derechos indígenas

Сохранить в:
Библиографические подробности
Главный автор: Olguín Martínez, Gabriela
Соавтор: Organización Internacional del Trabajo
Формат: Текст
Опубликовано: San José: OIT
Предметы:
Метки: Добавить метку
Нет меток, Требуется 1-ая метка записи!

MARC

LEADER 00000 a a2200000 04500
001 27797
003
040
020 |a 92-2-313158-8  
090 |a 186302  
100 |a Olguín Martínez, Gabriela  
110 |a Organización Internacional del Trabajo  
245 |a Guía legal sobre la utilización de los convenios y recomendaciones de la OIT, para la defensa de los derechos indígenas  
260 |a San José:   |b OIT  
300 |a 203 p  
650 |a OIT  
650 |a CONVENIOS  
650 |a CONTROL INTERNACIONAL  
650 |a RESPONSABILIDAD DE LOS ESTADOS  
650 |a POBLACION INDIGENA  
650 |a DEMANDA  
650 |a RECOMENDACIONES  
999 |c 10963  |d 10963